000
00296nam a2200109Ia 4500
008
220214s9999 xx 000 0 und d
245
0
_a
Data India
260
_b
Press Institute of India
_a
New Delhi
500
_a
Ending Volume & Year: 1979,
500
_a
Starting Volume & Year: 1974,
942
_c
BJ
999
_c
8042
_d
8042